Stříbrná hladina /

Hlavní autor: Lowell, Elizabeth, 1944-
Jazyk: Čeština
Vydáno: Frýdek-Místek : Alpress, 2010
Vydání: Vyd. 1.
Edice: Klokan (Alpress)
Témata:
Externí odkaz: Digitalizovaný dokument
Fyzický popis: 283 s. ; 21 cm
Knihy
Uloženo v:
LEADER 01382nam a2200397 a 4500
001 nkc20102105227
003 CZ PrNK
005 20100714085322.0
007 ta
008 100506s2010 xr g 000 f cze
015 |a cnb002105227 
020 |a 978-80-7362-796-6  |q (váz.) 
035 |a (OCoLC)655150275 
040 |a OLA001  |b cze  |d ABA001 
041 1 |a cze  |h eng 
072 7 |a 821.111(73)-3  |x Americká próza  |2 Konspekt  |9 25 
080 |a 821.111(73)-31  |2 MRF 
080 |a (0:82-312.5)  |2 MRF 
100 1 |a Lowell, Elizabeth,  |d 1944-  |7 jn20001103300  |4 aut 
245 1 0 |a Stříbrná hladina /  |c Elizabeth Lowell ; [z anglického originálu ... přeložila Eva Konečná] 
250 |a Vyd. 1. 
260 |a Frýdek-Místek :  |b Alpress,  |c 2010 
300 |a 283 s. ;  |c 21 cm 
490 1 |a Klokan 
655 7 |a americké romány  |7 fd131796  |2 czenas 
655 7 |a milostné romány  |7 fd132840  |2 czenas 
655 9 |a American fiction  |2 eczenas 
655 9 |a love novels  |2 eczenas 
765 0 |t To the ends of the earth  |9 Česky 
830 0 |a Klokan (Alpress)  |0 s 
856 4 1 |u http://www.digitalniknihovna.cz/mzk/uuid/uuid:e7243be0-5aa6-11e4-8b11-005056827e51  |y Digitalizovaný dokument  |x NDK 
910 2 |a BOA001  |b 2-1244.631 
990 |a BK 
995 |a 01 
991 |b 201006 
996 6 |b 2610440502  |c 2-1244.631  |l MZK  |r Sklad / do 1 hodiny  |n 1  |p p.v.  |w 001127487  |u 000010  |a 1  |e BOA001  |j MZK50  |s P